000 00314nam a2200145Ia 4500
999 _c9818
_d9818
003 OSt
005 20220304101710.0
008 220112s9999||||xx |||||||||||||| ||und||
020 _a9789352694358
082 _a696
_bRIT
100 _aRitesh Nair
245 0 _aHandbook of plumbing
260 _bRandom
942 _2ddc